[Event "World Youth U16 Olympiad"]
[Site "Gyor HUN"]
[Date "2014.12.18"]
[Round "6.24"]
[Board "4"]
[White "Marx, Inge"]
[Black "Lee, Jeeho"]
[Result "1-0"]
[WhiteElo "1524"]
[BlackElo "1162"]
[WhiteTeam "South Africa 2"]
[BlackTeam "South Korea 2"]
[WhiteFideId "14306271"]
[BlackFideId "13203231"]
[EventDate "2014.12.13"]

1. e4 e5 2. Nf3 Nc6 3. Bc4 Bc5 4. c3 Nf6 5. d3 O-O 6. Bg5 h6 7. Bh4 Be7 8. Nbd2
d6 9. Bb3 a5 10. a4 Be6 11. Nf1 d5 12. exd5 Bxd5 13. Bxf6 Bxf6 14. Bxd5 Qxd5 15.
Ne3 Qd7 16. O-O Rad8 17. Qb3 b6 18. Rad1 Rfe8 19. Rfe1 Qe6 20. Nc4 e4 21. Rxe4
Ne5 22. Nfxe5 Bxe5 23. Rxe5 1-0

[Event "World Youth U16 Olympiad"]
[Site "Gyor HUN"]
[Date "2014.12.18"]
[Round "6.25"]
[Board "1"]
[White "Loay, Sameer"]
[Black "Essop, Hishaam"]
[Result "0-1"]
[WhiteElo "1802"]
[BlackElo "1749"]
[WhiteTeam "Jordan"]
[BlackTeam "South Africa 1"]
[WhiteFideId "8104239"]
[BlackFideId "14306549"]
[EventDate "2014.12.13"]

1. e4 e5 2. Bc4 Nc6 3. Nf3 Bc5 4. O-O Nf6 5. d3 d6 6. c3 O-O 7. Nbd2 Bb6 8. h3
Ne7 9. Re1 Ng6 10. Nf1 h6 11. Ng3 Be6 12. Bb3 Qd7 13. Nh2 Qe7 14. Be3 Rad8 15.
Bxb6 axb6 16. Ng4 Nh7 17. Ne3 Qg5 18. Nef5 Nf6 19. Qc2 Bxf5 20. exf5 Nf4 21. Qd1
h5 22. Qf3 c6 23. Ne4 Qxf5 24. Nxf6+ Qxf6 25. Re4 d5 26. Rb4 c5 27. Ra4 Rfe8 28.
Re1 Qg5 29. Kh2 Qg6 30. Bc2 Qg5 31. g3 Ng6 32. h4 Qh6 33. Bb3 e4 34. dxe4 Ne5
35. Qd1 c4 36. Bc2 dxe4 37. Qe2 Nf3+ 38. Kg2 Nxe1+ 39. Qxe1 e3 40. fxe3 Rxe3 41.
Qf2 Rde8 42. Bd1 b5 43. Rb4 Rd3 0-1

[Event "World Youth U16 Olympiad"]
[Site "Gyor HUN"]
[Date "2014.12.18"]
[Round "6.25"]
[Board "2"]
[White "Roos, Lucas"]
[Black "Al-Bashayra, Yazan"]
[Result "1/2-1/2"]
[WhiteElo "1732"]
[BlackElo "1780"]
[WhiteTeam "South Africa 1"]
[BlackTeam "Jordan"]
[WhiteFideId "14308673"]
[BlackFideId "8103879"]
[EventDate "2014.12.13"]

1. e4 c5 2. Nc3 Nc6 3. g3 g6 4. Bg2 Bg7 5. d3 Rb8 6. Be3 d6 7. Qd2 b5 8. Nge2 b4
9. Nd1 Nf6 10. Bh6 O-O 11. O-O Bd7 12. Bxg7 Kxg7 13. f4 Qc8 14. Ne3 Bh3 15. f5
Bxg2 16. Kxg2 Qd7 17. Nf4 e6 18. g4 g5 19. Nh5+ Nxh5 20. gxh5 f6 21. Ng4 e5 22.
h4 h6 23. hxg5 hxg5 24. Ne3 Rh8 25. Rh1 Qf7 26. Qe2 Nd4 27. Qg4 Rh6 28. Qd1 Rbh8
29. a3 b3 30. c3 Nc6 31. Nd5 Rxh5 32. Qxb3 Rxh1 33. Rxh1 Rxh1 34. Kxh1 Qh5+ 35.
Kg1 Qg4+ 36. Kf2 Qh4+ 37. Kg2 Qg4+ 38. Kf2 Qh4+ 39. Kg2 Qg4+ 40. Kf2 Qh4+ 1/2-1/2

[Event "World Youth U16 Olympiad"]
[Site "Gyor HUN"]
[Date "2014.12.18"]
[Round "6.25"]
[Board "3"]
[White "Saif, Malek"]
[Black "Berman, Jacob"]
[Result "0-1"]
[WhiteElo "1782"]
[BlackElo "1833"]
[WhiteTeam "Jordan"]
[BlackTeam "South Africa 1"]
[WhiteFideId "8104220"]
[BlackFideId "2071010"]
[EventDate "2014.12.13"]

1. e4 e6 2. Nf3 d5 3. exd5 exd5 4. d4 Bd6 5. Bd3 Ne7 6. O-O Nbc6 7. c3 Bg4 8.
Re1 Qd7 9. Bg5 f6 10. Bh4 O-O-O 11. Nbd2 Nf5 12. Bg3 Nxg3 13. hxg3 h5 14. Qc2 g5
15. Nf1 Kb8 16. N1h2 Ne7 17. c4 c6 18. Re3 dxc4 19. Bxc4 Bf5 20. Qb3 h4 21. g4
Bxg4 22. Nxg4 Qxg4 23. Rae1 h3 24. g3 Bxg3 25. Rxe7 Bd6+ 26. Kf1 Qg2+ 27. Ke2
Bxe7 28. Kd2 Qxf2+ 29. Re2 Rxd4+ 30. Nxd4 Qxd4+ 31. Kc2 Bd6 32. Rd2 Qc5 33. Rd1
b5 34. a4 Qxc4+ 35. Qxc4 bxc4 36. Rxd6 h2 37. Rd1 h1=Q 38. Rxh1 Rxh1 39. a5 g4
40. b4 g3 41. b5 g2 42. b6 g1=Q 43. bxa7+ Kxa7 44. Kc3 Qe3+ 45. Kb4 Qd4 46. a6
Rb1+ 47. Ka5 Qa1# 0-1

[Event "World Youth U16 Olympiad"]
[Site "Gyor HUN"]
[Date "2014.12.18"]
[Round "6.25"]
[Board "4"]
[White "Modi, Sachin"]
[Black "Thaer, Abu Alhaija"]
[Result "1-0"]
[WhiteTitle "CM"]
[WhiteElo "1718"]
[BlackElo "1487"]
[WhiteTeam "South Africa 1"]
[BlackTeam "Jordan"]
[WhiteFideId "14304589"]
[BlackFideId "8106215"]
[EventDate "2014.12.13"]

1. e4 e5 2. Nf3 Nc6 3. Bb5 a6 4. Ba4 g6 5. c3 Nge7 6. d3 d6 7. Nbd2 Bg7 8. Nf1
O-O 9. Ng3 h6 10. h4 Bg4 11. h5 g5 12. Qe2 b5 13. Bb3 Na5 14. Bc2 f5 15. exf5
Nxf5 16. Nxf5 Bxf5 17. Nh2 Qf6 18. Bd2 c5 19. O-O c4 20. Be3 cxd3 21. Bxd3 Bxd3
22. Qxd3 Kh8 23. b3 Qe6 24. Rad1 Nb7 25. Qe4 Nc5 26. Bxc5 dxc5 27. Ng4 Rae8 28.
Ne3 Rf4 29. Qd5 Qxd5 30. Rxd5 Rc8 31. c4 bxc4 32. Nxc4 Rd4 33. Rd1 Kg8 34. Ne3
Rf4 35. Rc1 e4 36. Rcxc5 Rxc5 37. Rxc5 Bd4 38. Rc4 Bxe3 39. fxe3 Rh4 40. g3 Rxh5
41. Rxe4 Kf7 42. Kg2 a5 43. Ra4 g4 44. Rxg4 Re5 45. Kf3 h5 46. Ra4 Kf6 47. a3
Kf5 48. Rf4+ Kg5 49. b4 axb4 50. Rxb4 Ra5 51. a4 Kg6 52. e4 Kf6 53. Kf4 Ke6 54.
e5 Kf7 55. Kf5 Ke7 56. Re4 Kf7 57. Kg5 1-0

[Event "World Youth U16 Olympiad"]
[Site "Gyor HUN"]
[Date "2014.12.18"]
[Round "6.26"]
[Board "1"]
[White "Repka, Christopher"]
[Black "Shi, Diwen"]
[Result "1-0"]
[BlackTitle "CM"]
[WhiteElo "2407"]
[BlackElo "2147"]
[WhiteTeam "Slovakia 1"]
[BlackTeam "Canada 3"]
[WhiteFideId "14918781"]
[BlackFideId "2609886"]
[EventDate "2014.12.13"]

1. d4 Nf6 2. c4 g6 3. Nf3 Bg7 4. g3 O-O 5. Bg2 d6 6. O-O Nc6 7. Nc3 a6 8. b3 Rb8
9. Nd5 b5 10. Nxf6+ Bxf6 11. Bh6 Re8 12. Rc1 Bd7 13. Qd2 e5 14. dxe5 Nxe5 15.
Nxe5 Rxe5 16. Bf4 Rh5 17. Bf3 Rf5 18. e4 Rc5 19. Be3 Bg5 20. Bxg5 Qxg5 21. Qxg5
Rxg5 22. cxb5 Bxb5 23. Rfd1 Rc5 24. h4 Rxc1 25. Rxc1 c5 26. e5 dxe5 27. Rxc5 Re8
28. Bd5 Rd8 29. b4 h5 30. Bb3 Rd4 31. Rxe5 Rxb4 32. Re7 Bc4 33. Re4 Rxb3 34.
axb3 Bxb3 35. Re8+ Kg7 36. Ra8 Bc4 37. Ra7 Kf6 38. f3 Ke5 39. Kf2 Kd4 40. Rc7
Bb3 41. Ra7 Bc4 42. g4 Ke5 43. gxh5 gxh5 44. Ke3 Kf6 45. Rc7 Bf1 46. Rc5 Kg6 47.
Rg5+ Kh6 48. Ke4 Be2 49. Rg3 a5 50. Kf5 a4 51. f4 Bd1 52. Kf6 Bb3 53. Rg8 Bc2
54. Ra8 Kh7 55. Kxf7 Bb3+ 56. Kf6 Bc2 57. f5 Bb3 58. Kg5 Kg7 59. Ra7+ Kf8 60.
Kxh5 1-0

[Event "World Youth U16 Olympiad"]
[Site "Gyor HUN"]
[Date "2014.12.18"]
[Round "6.26"]
[Board "2"]
[White "Song, Guannan Terry"]
[Black "Nayhebaver, Martin"]
[Result "0-1"]
[WhiteElo "2004"]
[BlackElo "2332"]
[WhiteTeam "Canada 3"]
[BlackTeam "Slovakia 1"]
[WhiteFideId "2614189"]
[BlackFideId "14923432"]
[EventDate "2014.12.13"]

1. e4 c5 2. Nc3 Nc6 3. f4 g6 4. Nf3 Bg7 5. Bb5 Nd4 6. O-O a6 7. Bd3 d6 8. Nxd4
cxd4 9. Ne2 Qb6 10. Kh1 Nf6 11. c3 dxc3 12. bxc3 Bg4 13. Rb1 Qc7 14. h3 Bd7 15.
c4 O-O 16. Bb2 Bc6 17. Nc3 e6 18. Rc1 Qa5 19. a4 Rad8 20. Qe1 d5 21. cxd5 exd5
22. e5 Rfe8 23. Rf2 Nd7 24. Bc2 d4 25. Ne2 d3 26. Bxd3 Nxe5 27. fxe5 Rxd3 28.
Nf4 Rd7 29. Bc3 Qxa4 30. d4 Rxd4 31. Bxd4 Qxd4 32. e6 fxe6 33. Nxe6 Qd5 34. Rxc6
Qxc6 35. Re2 Bf6 36. Re3 b5 37. Kh2 Qd6+ 38. g3 b4 39. Qe2 Kh8 40. Qa2 Qb6 41.
Qb3 a5 42. Re2 Qc6 43. Qe3 a4 44. Qh6 b3 45. Qe3 Rxe6 0-1

[Event "World Youth U16 Olympiad"]
[Site "Gyor HUN"]
[Date "2014.12.18"]
[Round "6.26"]
[Board "3"]
[White "Pechac, Jergus"]
[Black "Cai, Jason"]
[Result "1-0"]
[WhiteTitle "CM"]
[WhiteElo "2182"]
[BlackElo "1962"]
[WhiteTeam "Slovakia 1"]
[BlackTeam "Canada 3"]
[WhiteFideId "14926970"]
[BlackFideId "2618133"]
[EventDate "2014.12.13"]

1. e4 c5 2. Nc3 Nc6 3. Nf3 g6 4. d4 cxd4 5. Nxd4 Bg7 6. Be3 d6 7. Bc4 Nf6 8. Bb3
Bd7 9. O-O Rc8 10. Re1 O-O 11. h3 Na5 12. Qd3 a6 13. Rad1 b5 14. Bg5 Nc6 15. Kh1
Qb6 16. Nd5 Nxd5 17. Nxc6 Bxc6 18. exd5 Bd7 19. Rxe7 Bf5 20. Qe3 Qxe3 21. Rxe3
Be5 22. c3 Rfe8 23. Rde1 Bd7 24. f4 Bg7 25. Rxe8+ Rxe8 26. Rxe8+ Bxe8 27. Be7
Bf8 28. Bxf8 Kxf8 29. Kg1 Ke7 30. Kf2 h5 31. Ke3 Bd7 32. Bc2 Kf6 33. b3 Bc8 34.
c4 g5 35. fxg5+ Ke5 36. Bh7 Bd7 37. h4 b4 38. Be4 f5 39. gxf6 Kxf6 40. Kd4 a5
41. c5 dxc5+ 42. Kxc5 Ke5 43. Bf3 Be8 44. d6 1-0

[Event "World Youth U16 Olympiad"]
[Site "Gyor HUN"]
[Date "2014.12.18"]
[Round "6.26"]
[Board "4"]
[White "Peng, Janet"]
[Black "Sucikova, Svetlana"]
[Result "0-1"]
[WhiteElo "1694"]
[BlackElo "1985"]
[WhiteTeam "Canada 3"]
[BlackTeam "Slovakia 1"]
[WhiteFideId "2609827"]
[BlackFideId "14923653"]
[EventDate "2014.12.13"]

1. d4 d5 2. c4 e6 3. Nc3 c6 4. e3 Nf6 5. Nf3 Nbd7 6. Bd3 dxc4 7. Bxc4 b5 8. Bd3
a6 9. O-O Be7 10. Bd2 O-O 11. Rc1 c5 12. dxc5 Nxc5 13. Bc2 Bb7 14. Nd4 Rc8 15.
a3 Qb6 16. b4 Ncd7 17. Nce2 Ne5 18. Bb3 Ne4 19. Ng3 Nxg3 20. hxg3 Bf6 21. Bc3
Rfd8 22. Qe2 Be4 23. Rfd1 Nd3 24. Ra1 Rxc3 25. Bc2 Bxd4 26. exd4 Qxd4 27. Bxd3
Rxd3 28. Rdc1 Rd2 29. Qe1 Bd5 30. Rcb1 Bc4 31. Rc1 h6 32. Rcb1 Re2 33. Qf1 Rb2
34. Qe1 Rxb1 35. Rxb1 Rd5 36. Rc1 Qd2 37. Qxd2 Rxd2 0-1

[Event "World Youth U16 Olympiad"]
[Site "Gyor HUN"]
[Date "2014.12.18"]
[Round "7.1"]
[Board "1"]
[White "Asgarizadeh, Ahmad"]
[Black "Paravyan, David"]
[Result "1/2-1/2"]
[BlackTitle "IM"]
[WhiteElo "2371"]
[BlackElo "2437"]
[WhiteTeam "Iran"]
[BlackTeam "Russia"]
[WhiteFideId "12505684"]
[BlackFideId "4194985"]
[EventDate "2014.12.13"]
[EventType "team"]

1. e4 e5 2. Nf3 Nc6 3. Bb5 a6 4. Ba4 Nf6 5. O-O Be7 6. d3 b5 7. Bb3 d6 8. a3 O-O
9. Nc3 Bg4 10. Be3 Nd4 11. Bxd4 exd4 12. Nd5 Nd7 13. h3 Bxf3 14. Qxf3 c6 15.
Nxe7+ Qxe7 16. Qg3 Rab8 17. f4 Nc5 18. Qf2 Nxb3 19. cxb3 c5 20. b4 Rbc8 21. Rac1
f5 22. Rce1 fxe4 23. Rxe4 Qf7 24. bxc5 dxc5 25. Rfe1 Rfe8 26. f5 Rxe4 27. Rxe4
Re8 28. Qf4 h6 29. Re5 Rxe5 30. Qxe5 Qh5 31. Kh2 Qg5 32. b4 1/2-1/2

[Event "World Youth U16 Olympiad"]
[Site "Gyor HUN"]
[Date "2014.12.18"]
[Round "7.1"]
[Board "2"]
[White "Goryachkina, Aleksandra"]
[Black "Tabatabaei, M.amin"]
[Result "0-1"]
[WhiteTitle "WGM"]
[BlackTitle "FM"]
[WhiteElo "2441"]
[BlackElo "2363"]
[WhiteTeam "Russia"]
[BlackTeam "Iran"]
[WhiteFideId "4147103"]
[BlackFideId "12521213"]
[EventDate "2014.12.13"]
[EventType "team"]

1. d4 Nf6 2. c4 e6 3. Nf3 b6 4. g3 Ba6 5. Qa4 Bb7 6. Bg2 c5 7. dxc5 bxc5 8. O-O
Be7 9. Nc3 Ne4 10. Rd1 Nxc3 11. bxc3 Bc6 12. Qc2 Qc7 13. Bg5 f6 14. Bf4 d6 15.
e4 g5 16. Be3 Nd7 17. Qe2 h5 18. h4 g4 19. Ne1 Ne5 20. Bf4 Kf7 21. Bxe5 dxe5 22.
Nc2 Qa5 23. Ne3 Qxc3 24. Rac1 Qa3 25. f3 Rab8 26. Rb1 Rxb1 27. Rxb1 Rd8 28. fxg4
hxg4 29. Rb3 Qc1+ 30. Kh2 Bxe4 31. Qxg4 Bxg2 32. Qh5+ Kg7 33. Nxg2 Rd1 34. g4 e4 0-1

[Event "World Youth U16 Olympiad"]
[Site "Gyor HUN"]
[Date "2014.12.18"]
[Round "7.1"]
[Board "3"]
[White "Maghsoodloo, Parham"]
[Black "Vavulin, Maksim"]
[Result "1-0"]
[BlackTitle "IM"]
[WhiteElo "2415"]
[BlackElo "2430"]
[WhiteTeam "Iran"]
[BlackTeam "Russia"]
[WhiteFideId "12539929"]
[BlackFideId "4169530"]
[EventDate "2014.12.13"]
[EventType "team"]

1. Nf3 Nf6 2. e3 b6 3. b3 g6 4. Bb2 Bg7 5. Be2 Bb7 6. O-O O-O 7. d3 d6 8. Nbd2
Nbd7 9. a3 e5 10. c4 Qe7 11. b4 a5 12. Qc2 Ra7 13. Rfc1 Rfa8 14. Nb3 c5 15. bxa5
bxa5 16. Nbd2 Bc6 17. Bc3 e4 18. Ne1 exd3 19. Nxd3 Ne4 20. Bxg7 Kxg7 21. Bf3 f5
22. Nf4 Ndf6 23. Rd1 Rb8 24. Bxe4 fxe4 25. Rab1 Rab7 26. Rxb7 Rxb7 27. Rb1 Kf7
28. Rxb7 Qxb7 29. Qc3 a4 30. h3 g5 31. Ne2 Qe7 32. Qb2 Kg6 33. Qb6 Bd7 34. Qb7
Qe5 35. Ng3 Bf5 36. Nxf5 Kxf5 37. Qf7 h5 38. Nf1 Qa1 39. g4+ hxg4 40. hxg4+ Kxg4
41. Kg2 d5 42. Ng3 Qe5 43. Qg7 d4 44. Qh8 dxe3 45. Qh3+ 1-0

[Event "World Youth U16 Olympiad"]
[Site "Gyor HUN"]
[Date "2014.12.18"]
[Round "7.1"]
[Board "4"]
[White "Sarana, Alexey"]
[Black "Lorparizangeneh, Shahin"]
[Result "1-0"]
[BlackTitle "FM"]
[WhiteElo "2391"]
[BlackElo "2340"]
[WhiteTeam "Russia"]
[BlackTeam "Iran"]
[WhiteFideId "24133795"]
[BlackFideId "12521604"]
[EventDate "2014.12.13"]
[EventType "team"]

1. e4 c6 2. d4 d5 3. e5 Bf5 4. Nd2 e6 5. Nb3 Ne7 6. Nf3 Nd7 7. Be2 Nc8 8. O-O
Be7 9. a4 O-O 10. Bd2 a6 11. a5 Na7 12. Rc1 Nb5 13. Qe1 c5 14. c4 Nxd4 15. Nbxd4
cxd4 16. Nxd4 Nxe5 17. Nxf5 exf5 18. c5 Bf6 19. f4 Nc6 20. b4 Re8 21. Qd1 Qd7
22. Bd3 g6 23. Kh1 Re7 24. Qa4 Nd4 25. Qxd7 Rxd7 26. Rb1 Nb5 27. Rbc1 Rc8 28.
Rfe1 Kf8 29. Kg1 d4 30. Kf2 Nc3 31. Kf3 h5 32. g3 Re8 33. Rxe8+ Kxe8 34. b5 Rc7
35. c6 axb5 36. cxb7 Rxb7 37. a6 Ra7 38. Ra1 Kd7 39. Bxc3 dxc3 40. Bxb5+ Kd6 41.
Bd3 Bd4 42. Ra4 Bc5 43. Ke2 Rc7 44. Kd1 Bg1 45. Ra2 Ra7 46. h3 Kc6 47. Ra3 Bd4
48. Kc2 Re7 49. Rb3 Ra7 50. Bf1 Kd6 51. Bc4 Kc6 52. Be2 Kd6 53. Bf1 Kd7 54. Ra3
Kd6 55. Bc4 Kc6 56. Rb3 Kd6 57. Rb5 Kc6 58. Rd5 Bf6 59. Rd1 Kc5 60. Bf1 Bd4 61.
Ra1 Kd6 62. Ra3 Re7 63. Ra4 Ba7 64. Rb4 Re3 65. Rb7 Re7 66. Rb5 Kc6 67. Rb4 Bc5
68. Rb8 Ba7 69. Rd8 Kc7 70. Ra8 Kb6 71. Kxc3 Re3+ 72. Bd3 Re7 73. Kb4 Kc6 74.
Bb5+ Kd6 75. Bc4 Bf2 76. Kb5 Ba7 77. Rd8+ Kc7 78. Rf8 Kd6 79. Bxf7 Re3 80. Bxg6
Rxg3 81. Bxf5 Rb3+ 82. Kc4 Ra3 83. Rf6+ Ke7 84. Rh6 Be3 85. Kb4 Bc1 86. a7 Ra1
87. Be4 1-0

[Event "World Youth U16 Olympiad"]
[Site "Gyor HUN"]
[Date "2014.12.18"]
[Round "7.2"]
[Board "2"]
[White "Karthikeyan, Murali"]
[Black "Cao, Jason"]
[Result "1-0"]
[WhiteTitle "IM"]
[BlackTitle "FM"]
[WhiteElo "2497"]
[BlackElo "2309"]
[WhiteTeam "India"]
[BlackTeam "Canada 1"]
[WhiteFideId "5074452"]
[BlackFideId "2611112"]
[EventDate "2014.12.13"]
[EventType "team"]

1. e4 c5 2. Nf3 d6 3. d4 cxd4 4. Nxd4 Nf6 5. Nc3 a6 6. a4 e5 7. Nf3 Be7 8. Bc4
Be6 9. Qe2 Qc8 10. Bb3 O-O 11. O-O Nbd7 12. Bg5 h6 13. Bxf6 Nxf6 14. Nd2 Qc7 15.
Nc4 Rac8 16. Ne3 Rfe8 17. a5 Qc5 18. Ra4 Bd7 19. Ra2 Bc6 20. Qf3 Bd7 21. Ned5
Be6 22. Na4 Qd4 23. Rd1 Qa7 24. Nab6 Rcd8 25. Ba4 Nd7 26. Bxd7 Bxd7 27. Nxe7+
Rxe7 28. Rxd6 Qb8 29. Qd3 Qc7 30. Ra1 Kf8 31. Rd1 Ke8 32. h3 f6 33. b4 1-0

[Event "World Youth U16 Olympiad"]
[Site "Gyor HUN"]
[Date "2014.12.18"]
[Round "7.2"]
[Board "4"]
[White "Monnisha, GK"]
[Black "Song, Michael"]
[Result "0-1"]
[WhiteTitle "WFM"]
[WhiteElo "2110"]
[BlackElo "2257"]
[WhiteTeam "India"]
[BlackTeam "Canada 1"]
[WhiteFideId "5009936"]
[BlackFideId "2613190"]
[EventDate "2014.12.13"]
[EventType "team"]

1. e4 e5 2. Nf3 Nc6 3. Bb5 Nf6 4. d3 Bc5 5. c3 O-O 6. O-O d6 7. Bg5 h6 8. Bh4 g5
9. Bg3 Nh5 10. Bxc6 bxc6 11. d4 Bb6 12. dxe5 Nxg3 13. hxg3 dxe5 14. Qe2 Qf6 15.
Nbd2 a5 16. Rfd1 Ba6 17. c4 Qe6 18. b3 Rae8 19. Nh2 Bc8 20. g4 h5 21. gxh5 Bd4
22. Rac1 g4 23. Ndf1 f5 24. exf5 Qxf5 25. Ne3 Qxh5 26. Nhf1 Re7 27. Ng3 Qh4 28.
c5 Ref7 29. Re1 Rh7 30. Nef1 Ba6 31. Qc2 Bxf2+ 32. Qxf2 Rxf2 33. Kxf2 Bxf1 34.
Rxf1 Rf7+ 0-1

[Event "World Youth U16 Olympiad"]
[Site "Gyor HUN"]
[Date "2014.12.18"]
[Round "7.3"]
[Board "1"]
[White "Vetoshko, Volodymyr"]
[Black "Morozov, Nichita"]
[Result "1/2-1/2"]
[WhiteTitle "IM"]
[BlackTitle "FM"]
[WhiteElo "2424"]
[BlackElo "2307"]
[WhiteTeam "Ukraine"]
[BlackTeam "Moldova"]
[WhiteFideId "14122480"]
[BlackFideId "13900897"]
[EventDate "2014.12.13"]
[EventType "team"]

1. e4 d6 2. d4 Nf6 3. Nc3 g6 4. f4 Bg7 5. Nf3 O-O 6. Bd3 Na6 7. O-O c5 8. d5 Bg4
9. a3 Nc7 10. Qe1 Bxf3 11. Rxf3 e6 12. f5 exf5 13. exf5 Re8 14. Qh4 c4 15. Bxc4
Ne4 16. Qxd8 Raxd8 17. fxg6 fxg6 18. Nxe4 Rxe4 19. Bg5 Rde8 20. Bd3 Bxb2 21. Rb1
Re1+ 22. Rxe1 Rxe1+ 23. Kf2 Re8 24. a4 Bd4+ 25. Kf1 Kg7 26. Bc4 b6 27. h4 h5 28.
g4 hxg4 29. Rf4 Be3 30. Rxg4 Bxg5 31. Rxg5 Re4 32. Bd3 Rxh4 33. Rxg6+ Kf7 34.
Rxd6 Ke7 1/2-1/2

[Event "World Youth U16 Olympiad"]
[Site "Gyor HUN"]
[Date "2014.12.18"]
[Round "7.3"]
[Board "2"]
[White "Abramciuc, Marius"]
[Black "Vorontsov, Pavlo"]
[Result "1/2-1/2"]
[BlackTitle "FM"]
[WhiteElo "2204"]
[BlackElo "2374"]
[WhiteTeam "Moldova"]
[BlackTeam "Ukraine"]
[WhiteFideId "13900609"]
[BlackFideId "14116367"]
[EventDate "2014.12.13"]
[EventType "team"]

1. e4 d5 2. exd5 Qxd5 3. Nc3 Qd6 4. d4 Nf6 5. Nf3 g6 6. g3 Bg7 7. Bg2 Qa6 8. Qe2
Qxe2+ 9. Nxe2 Bf5 10. c3 Be4 11. O-O Nbd7 12. Ne5 Bxg2 13. Kxg2 Nxe5 14. dxe5
Nd5 15. f4 O-O-O 16. Kf3 Rd7 17. Be3 Nxe3 18. Kxe3 Rhd8 19. Nd4 c5 20. Nf3 f6
21. exf6 exf6 22. Ke2 g5 23. fxg5 fxg5 24. Rad1 Re8+ 25. Kf2 Rf7 26. h3 h6 27.
Kg2 Re3 28. Rf2 Rfe7 29. Ng1 Kc7 30. Rdd2 b5 31. Rfe2 R3e6 32. Rxe6 Rxe6 33. Ne2
a5 34. g4 a4 35. a3 Rd6 36. Rc2 Kc6 37. Ng3 Be5 38. Kf3 Bxg3 39. Kxg3 Rd3+ 40.
Kg2 Kd5 41. Re2 Kc4 42. Re4+ Kb3 43. Re5 Rd2+ 44. Kf3 Kc4 45. Re4+ Kd5 46. Re2
Rd3+ 47. Kg2 Kc4 48. Re4+ Kb3 49. Re5 Kxb2 50. Rxc5 Rxc3 51. Rxb5+ Rb3 52. Ra5
Kxa3 53. Ra6 Rc3 54. Rxh6 Kb2 55. Rb6+ Rb3 56. Re6 a3 57. Re2+ Ka1 58. Re1+ Rb1
59. Re5 a2 60. Rxg5 Kb2 61. Ra5 a1=Q 62. Rxa1 Rxa1 63. Kf3 Kc3 64. Ke4 Re1+ 65.
Kf5 Kd4 66. h4 Kd5 67. h5 Kd6 68. Kf6 Rf1+ 69. Kg7 Ke7 70. h6 Rf7+ 71. Kg6 Rf6+
72. Kg7 Rf7+ 73. Kg6 Rf4 74. g5 Kf8 75. Kh7 Rf7+ 76. Kh8 Rf5 77. g6 Rg5 78. h7
Rxg6 1/2-1/2

[Event "World Youth U16 Olympiad"]
[Site "Gyor HUN"]
[Date "2014.12.18"]
[Round "7.3"]
[Board "3"]
[White "Osmak, Iulija"]
[Black "Macovei, Andrei"]
[Result "1-0"]
[WhiteTitle "WFM"]
[WhiteElo "2308"]
[BlackElo "2168"]
[WhiteTeam "Ukraine"]
[BlackTeam "Moldova"]
[WhiteFideId "14101602"]
[BlackFideId "13904680"]
[EventDate "2014.12.13"]
[EventType "team"]

1. e4 c5 2. Nf3 Nc6 3. Bb5 e6 4. O-O Nge7 5. c3 a6 6. Ba4 b5 7. Bc2 Bb7 8. d4
cxd4 9. Nxd4 Rc8 10. Nb3 Ng6 11. Be3 Nce5 12. N1d2 Be7 13. f4 Nc4 14. Nxc4 bxc4
15. Nd4 O-O 16. Qh5 f6 17. Rf3 Rf7 18. Rh3 Nf8 19. f5 Bc5 20. b4 cxb3 21. Bxb3
Qe8 22. fxe6 dxe6 23. Qg4 Re7 24. Nf5 Bxe3+ 25. Rxe3 Rd7 26. Nd4 Rd6 27. Rg3 Rc7
28. Rf1 Qd8 29. Nxe6 Nxe6 30. Bxe6+ Kh8 31. Bf5 g6 32. Bxg6 hxg6 33. Qxg6 Rh7
34. e5 Rd1 35. Qxf6+ Qxf6 36. exf6 Rxf1+ 37. Kxf1 Rf7 38. Rh3+ Kg8 39. Rh6 Rc7
40. g4 Bd5 41. g5 Rxc3 42. Ke2 Rc2+ 43. Ke3 Bxa2 44. g6 Rg2 45. h4 Rh2 46. Rh7
Rh3+ 47. Kf4 Rh1 48. Rd7 Rxh4+ 49. Kf3 1-0

[Event "World Youth U16 Olympiad"]
[Site "Gyor HUN"]
[Date "2014.12.18"]
[Round "7.3"]
[Board "4"]
[White "Chetrari, Nikita"]
[Black "Matviishen, Viktor"]
[Result "0-1"]
[BlackTitle "FM"]
[WhiteElo "2117"]
[BlackElo "2383"]
[WhiteTeam "Moldova"]
[BlackTeam "Ukraine"]
[WhiteFideId "13904647"]
[BlackFideId "14129850"]
[EventDate "2014.12.13"]
[EventType "team"]

1. e4 c5 2. Nf3 d6 3. d4 cxd4 4. Nxd4 Nf6 5. Nc3 a6 6. f3 e5 7. Nb3 Be6 8. Be3
h5 9. Qd2 Nbd7 10. O-O-O Rc8 11. Kb1 Be7 12. Nd5 Bxd5 13. exd5 Nb6 14. c4 Nxc4
15. Bxc4 Rxc4 16. Na5 Rc8 17. Nxb7 Qd7 18. Na5 Rb8 19. Nc6 Rb5 20. Nxe7 Qxe7 21.
Bg5 O-O 22. Rhe1 Rfb8 23. Re2 Qd7 24. Bxf6 Qf5+ 25. Ka1 Qxf6 26. Rc1 a5 27. Re4
Qg6 28. Rc2 Rb4 29. Qe2 Kh7 30. a3 R4b5 31. Qd3 Rb3 32. Qe2 R8b5 33. Rd2 f5 34.
Rc4 f4 35. Re4 Kh6 36. Qc4 Qf7 37. Ka2 Qb7 38. Ree2 Qb6 39. Qc8 Qb8 40. Qe6+ g6
41. Qe7 Rb7 42. Qf6 a4 43. g4 Rxf3 44. gxh5 Rg7 45. Rf2 Qb3+ 46. Kb1 Rxf2 47.
Rxf2 Qd1+ 48. Ka2 Qb3+ 49. Kb1 Qd1+ 50. Ka2 Qxd5+ 51. Kb1 Qd1+ 52. Ka2 Qxh5 53.
Qxd6 Qf5 54. h4 Rd7 55. Qb8 Qe6+ 56. Kb1 Kg7 57. Qb4 Qc6 58. Rc2 Rd1+ 59. Ka2
Qe6+ 60. Rc4 Rc1 0-1

[Event "World Youth U16 Olympiad"]
[Site "Gyor HUN"]
[Date "2014.12.18"]
[Round "7.4"]
[Board "1"]
[White "Sibashvili, Giorgi"]
[Black "Gledura, Benjamin"]
[Result "1/2-1/2"]
[WhiteTitle "FM"]
[BlackTitle "IM"]
[WhiteElo "2387"]
[BlackElo "2450"]
[WhiteTeam "Georgia"]
[BlackTeam "Hungary 1"]
[WhiteFideId "13602799"]
[BlackFideId "712779"]
[EventDate "2014.12.13"]
[EventType "team"]

1. d4 Nf6 2. c4 g6 3. Nc3 d5 4. cxd5 Nxd5 5. e4 Nxc3 6. bxc3 Bg7 7. Be3 c5 8.
Rc1 Qa5 9. Qd2 O-O 10. Nf3 Bg4 11. d5 Nd7 12. c4 Qa3 13. Be2 Bxf3 14. gxf3 Bd4
15. O-O e5 16. dxe6 fxe6 17. Bxd4 cxd4 18. Qxd4 Qe7 19. c5 Rac8 20. c6 bxc6 21.
Rfd1 Nf6 22. Qd6 Qf7 23. Qe5 Nh5 24. Rd6 Nf4 25. Bf1 Qg7 26. Qg5 Rc7 27. Rcd1
Rcf7 28. Rxc6 Qb2 29. Rd8 Qa1 30. Rxf8+ Rxf8 31. Qc5 Nh3+ 32. Kg2 Qf6 33. Qc3
Qh4 34. Rc8 Qxf2+ 35. Kxh3 Qxf1+ 36. Kg3 Qg1+ 37. Kh3 Qf1+ 38. Kg3 1/2-1/2